01060nam a2200229Ia 4500952010800000952010800108999001700216008004100233020001500274050002100289100002700310240002600337245007000363260005900433300003500492500003300527500003700560505011800597519008400715650002400799942000700823 00104070a11b11d2007-01-08l2oP93 A8518 1992p11 006214r2015-12-15s2015-12-15t1w2012-06-26yLB 00104070a11b11d2007-01-08l5oP93 A8518 1992p11 006215r2016-09-08s2016-09-08t2w2012-06-26yLB c71443d71443120626s1992 sp a 000 0 spa d a8475097448 aP93 bA8518 1992 aAumont, Jacqueseautor aL’ imagelEspañol aLa imagenc/ Jacques Aumont; traducción de Antonio López Ruiz aBarcelonab: Ediciones Paidós Iberoaméricac, 1992 a336 páginasb: ilustraciones aTraducción de: L’ image. aIncluye: Sumario, Introducción aEl papel del ojo El papel del espectador El papel del dispositivo El papel de la imagen El papel del arte aMaterial Complementario / bDiseño y comunicación visual / d(11 006215)  0aPERCEPCIÓN VISUAL cLB